| 000 | 01133nam a22002537a 4500 | ||
|---|---|---|---|
| 001 | 9055 | ||
| 003 | FISKH | ||
| 005 | 20251128091923.0 | ||
| 008 | 251118b cb ||||| |||| 00| 0 eng d | ||
| 020 | _a9780545430821 | ||
| 040 |
_aFISKH _beng _cFISKH _dFISKH |
||
| 082 | _a535 | ||
| 100 | _aScott, Janine | ||
| 245 |
_aBouncing light / _cby Janine Scott |
||
| 260 |
_aNew York : _bScholastic, _c2011. |
||
| 300 |
_a28 pages : _bcolor illustrations ; _c22 cm |
||
| 505 | _aP | ||
| 520 | _aBouncing Light explains how light travels and what happens when it hits different objects. The book shows how light can be reflected, bent, or absorbed, and uses clear examples that children can understand — like mirrors, shiny surfaces, water, and everyday objects. It also teaches readers why we see things, how shadows form, and how light behaves in the natural world. With bright photos and simple explanations, the book helps students explore the basic science of light in a fun and hands-on way. | ||
| 521 | 8 |
_a610
_bLexile IG |
|
| 521 | 8 |
_aP
_bRaz-Plus |
|
| 650 | _aScience | ||
| 942 |
_2ddc _cBK _n0 |
||
| 999 |
_c9055 _d9055 |
||